[Event "Zonal 2.5 2019"]
[Site "Montevideo URU"]
[Date "2019.04.13"]
[Round "1.2"]
[White "Adasme Fredes, M."]
[Black "Delgado Ramirez, N."]
[Result "0-1"]
[WhiteElo "2086"]
[BlackElo "2616"]
[PlyCount "74"]
[EventDate "2019.04.13"]
[EventType "swiss"]
[EventRounds "9"]
[EventCountry "URU"]
[SourceTitle "The Week in Chess 1275"]
[Source "Mark Crowther"]
[SourceDate "2019.04.15"]
[SourceVersion "3"]
[SourceVersionDate "2019.04.16"]
[SourceQuality "2"]

1. Nf3 Nf6 2. b3 g6 3. Bb2 Bg7 4. c4 d6 5. e3 e5 6. d3 O-O 7. Be2 c5 8. Nc3 Nc6
9. O-O Re8 10. Nd5 Nxd5 11. cxd5 Nb8 12. Qc2 Nd7 13. Rfd1 f5 14. Nd2 Nf6 15.
Bf3 b6 16. a4 g5 17. g3 Bb7 18. e4 Qd7 19. Nc4 Rad8 20. Ne3 f4 21. Nf5 g4 22.
Bg2 f3 23. Bf1 Qf7 24. Qd2 Qg6 25. Nxg7 Kxg7 26. Bc1 h5 27. Qg5 Kf7 28. Qxg6+
Kxg6 29. h4 gxh3 30. Bxh3 Bc8 31. Bf1 Rh8 32. a5 b5 33. d4 cxd4 34. Bd3 h4 35.
Bd2 Ng4 36. Rac1 hxg3 37. fxg3 Rh2 0-1

[Event "Zonal 2.5 2019"]
[Site "Montevideo URU"]
[Date "2019.04.14"]
[Round "2.2"]
[White "Delgado Ramirez, N."]
[Black "Muniz, R."]
[Result "1-0"]
[WhiteElo "2616"]
[BlackElo "2257"]
[PlyCount "71"]
[EventDate "2019.04.13"]
[EventType "swiss"]
[EventRounds "9"]
[EventCountry "URU"]
[SourceTitle "The Week in Chess 1275"]
[Source "Mark Crowther"]
[SourceDate "2019.04.15"]
[SourceVersion "3"]
[SourceVersionDate "2019.04.16"]
[SourceQuality "2"]

1. e4 c5 2. Nf3 d6 3. d4 cxd4 4. Qxd4 Nc6 5. Bb5 a6 6. Bxc6+ bxc6 7. O-O e5 8.
Qd3 Ne7 9. Rd1 Ng6 10. Na3 Be6 11. Nc4 Bxc4 12. Qxc4 Qc8 13. Ng5 Ra7 14. Be3
Rd7 15. Rd3 h6 16. Nf3 Be7 17. Rc3 c5 18. b4 O-O 19. a4 Qb7 20. b5 a5 21. Rd1
Kh7 22. Qd5 Qxd5 23. Rxd5 f5 24. Rcxc5 fxe4 25. Nd2 Rfd8 26. Rc6 Bf8 27. Bb6
Ra8 28. Nxe4 Nf4 29. Rd2 d5 30. g3 Ng6 31. c4 d4 32. c5 Ne7 33. Rc7 Rd5 34. c6
Ng8 35. Rd7 Rxd7 36. cxd7 1-0

[Event "Zonal 2.5 2019"]
[Site "Montevideo URU"]
[Date "2019.04.14"]
[Round "3.2"]
[White "Krysa, L."]
[Black "Delgado Ramirez, N."]
[Result "1/2-1/2"]
[WhiteElo "2498"]
[BlackElo "2616"]
[PlyCount "83"]
[EventDate "2019.04.13"]
[EventType "swiss"]
[EventRounds "9"]
[EventCountry "URU"]
[SourceTitle "The Week in Chess 1275"]
[Source "Mark Crowther"]
[SourceDate "2019.04.15"]
[SourceVersion "3"]
[SourceVersionDate "2019.04.16"]
[SourceQuality "2"]

1. d4 Nf6 2. c4 e6 3. Nc3 Bb4 4. Qc2 d5 5. cxd5 Qxd5 6. Nf3 Qf5 7. Qxf5 exf5 8.
a3 Be7 9. Bg5 c6 10. g3 Nbd7 11. Bg2 a5 12. e3 h6 13. Bxf6 Nxf6 14. Ke2 Be6 15.
Ne5 Nd7 16. Nxd7 Bc4+ 17. Kd2 Kxd7 18. Na4 Kc7 19. Rhc1 Be6 20. Nc5 Rhd8 21. b4
Bd5 22. Bxd5 Rxd5 23. Nd3 g5 24. Kc3 h5 25. Kc4 Bf6 26. Kb3 Be7 27. Kc4 Bf6 28.
Kb3 Be7 29. Rab1 Rh8 30. Ka4 Rb5 31. Kb3 Rd5 32. Ka4 Rb5 33. Kb3 Rd5 34. Rc2 h4
35. Kc4 hxg3 36. hxg3 axb4 37. axb4 Ra8 38. Kb3 Bd6 39. Rh1 f4 40. Rh7 Rf8 41.
gxf4 gxf4 42. Nc5 1/2-1/2

[Event "5th Floripa Open 2019"]
[Site "Florianopolis BRA"]
[Date "2019.01.21"]
[Round "1.2"]
[White "Rocancourt Moreira, Mauricio"]
[Black "Delgado Ramirez, N."]
[Result "0-1"]
[WhiteElo "1777"]
[BlackElo "2623"]
[PlyCount "72"]
[EventDate "2019.01.21"]
[EventType "swiss"]
[EventRounds "10"]
[EventCountry "BRA"]
[SourceTitle "The Week in Chess 1264"]
[Source "Mark Crowther"]
[SourceDate "2019.01.28"]
[SourceVersion "4"]
[SourceVersionDate "2019.03.11"]
[SourceQuality "2"]

1. d4 Nf6 2. c4 e6 3. Nf3 c5 4. d5 b5 5. b3 exd5 6. cxd5 g6 7. Bb2 Bg7 8. Nbd2
O-O 9. Bxf6 Bxf6 10. Rc1 d6 11. e4 Qa5 12. Bd3 Nd7 13. O-O a6 14. Ne1 Qxa2 15.
f4 Bb7 16. Bb1 Qa5 17. Rc2 Rae8 18. Nef3 Qb4 19. Rc1 Bb2 20. Rc2 Bg7 21. Kh1
Nf6 22. Ra2 Ng4 23. Qe2 f5 24. Ne1 Qd4 25. Nc2 Qf6 26. Ne3 Nxe3 27. Qxe3 Qd4
28. Qxd4 Bxd4 29. exf5 gxf5 30. Nf3 Re3 31. Nxd4 cxd4 32. Rd2 Rxb3 33. Rxd4 a5
34. Bd3 a4 35. Rb1 Rxb1+ 36. Bxb1 Re8 0-1

[Event "5th Floripa Open 2019"]
[Site "Florianopolis BRA"]
[Date "2019.01.22"]
[Round "2.2"]
[White "Delgado Ramirez, N."]
[Black "Brito, V."]
[Result "1-0"]
[WhiteElo "2623"]
[BlackElo "1985"]
[PlyCount "59"]
[EventDate "2019.01.21"]
[EventType "swiss"]
[EventRounds "10"]
[EventCountry "BRA"]
[SourceTitle "The Week in Chess 1264"]
[Source "Mark Crowther"]
[SourceDate "2019.01.28"]
[SourceVersion "4"]
[SourceVersionDate "2019.03.11"]
[SourceQuality "2"]

1. e4 d6 2. d4 Nf6 3. Nc3 g6 4. Bg5 Bg7 5. Qd2 h6 6. Bh4 g5 7. Bg3 Nh5 8. O-O-O
Nc6 9. Qe3 e6 10. Be2 Nxg3 11. hxg3 Qf6 12. Nb5 O-O 13. f4 Bd7 14. Nf3 g4 15.
e5 Qe7 16. Nh2 h5 17. Nf1 f5 18. exf6 Qxf6 19. Rxh5 Nb4 20. Qb3 Nd5 21. Rxd5
exd5 22. Nxc7 Rac8 23. Nxd5 Qf7 24. Ne7+ Kh8 25. Qxf7 Rxf7 26. Nxc8 Bxc8 27. c3
Re7 28. Kd2 Be6 29. Ne3 a6 30. d5 1-0

[Event "5th Floripa Open 2019"]
[Site "Florianopolis BRA"]
[Date "2019.01.22"]
[Round "3.2"]
[White "De Lima, Alexsandro Barros"]
[Black "Delgado Ramirez, N."]
[Result "0-1"]
[WhiteElo "2168"]
[BlackElo "2623"]
[PlyCount "58"]
[EventDate "2019.01.21"]
[EventType "swiss"]
[EventRounds "10"]
[EventCountry "BRA"]
[SourceTitle "The Week in Chess 1264"]
[Source "Mark Crowther"]
[SourceDate "2019.01.28"]
[SourceVersion "4"]
[SourceVersionDate "2019.03.11"]
[SourceQuality "2"]

1. e4 c5 2. Nf3 d6 3. d4 cxd4 4. Nxd4 Nf6 5. Nc3 Nc6 6. Bg5 Qa5 7. Bxf6 gxf6 8.
Nb3 Qg5 9. Nd5 Rb8 10. Qf3 Bg7 11. Qe3 Qxe3+ 12. Nxe3 f5 13. exf5 Bxb2 14. Rb1
Bc3+ 15. Kd1 Bg7 16. f4 O-O 17. a3 d5 18. Bd3 e6 19. fxe6 fxe6 20. g3 b5 21.
Kd2 a5 22. c3 e5 23. fxe5 Nxe5 24. Rhf1 Rxf1 25. Bxf1 Nc4+ 26. Bxc4 bxc4 27.
Nxd5 Bh6+ 28. Ke1 Rxb3 29. Rd1 Kf7 0-1

[Event "5th Floripa Open 2019"]
[Site "Florianopolis BRA"]
[Date "2019.01.23"]
[Round "4.2"]
[White "Delgado Ramirez, N."]
[Black "De Borba, Guilherme"]
[Result "1/2-1/2"]
[WhiteElo "2623"]
[BlackElo "2293"]
[PlyCount "130"]
[EventDate "2019.01.21"]
[EventType "swiss"]
[EventRounds "10"]
[EventCountry "BRA"]
[SourceTitle "The Week in Chess 1264"]
[Source "Mark Crowther"]
[SourceDate "2019.01.28"]
[SourceVersion "4"]
[SourceVersionDate "2019.03.11"]
[SourceQuality "2"]

1. e4 c6 2. c4 d5 3. cxd5 cxd5 4. exd5 Nf6 5. Nc3 Nxd5 6. Nf3 Nc6 7. Bb5 e6 8.
O-O Be7 9. d4 O-O 10. Re1 Bd7 11. Bd3 Bf6 12. a3 Rc8 13. Ne4 Bxd4 14. Nd6 Rb8
15. Nxd4 Nxd4 16. Bxh7+ Kxh7 17. Qxd4 Bc6 18. Ne4 Nf6 19. Ng5+ Kg8 20. Qxa7 Qd5
21. Nf3 b6 22. Qc7 Rfc8 23. Qg3 Qb3 24. Be3 Bxf3 25. Qxf3 Nd5 26. Re2 Rc4 27.
g3 Rbc8 28. Kg2 b5 29. Ba7 Qxf3+ 30. Kxf3 Ra4 31. Be3 b4 32. Rc1 Rb8 33. Bc5
bxa3 34. Bxa3 Rb3+ 35. Kg2 Kh7 36. Rc8 Kg6 37. h4 Rg4 38. Kf1 Rd3 39. Rec2 Re4
40. Rc1 Kf5 41. R8c4 Rxc4 42. Rxc4 Rxg3 43. fxg3 Ne3+ 44. Ke2 Nxc4 45. Kd3 Ne5+
46. Kd4 Nd7 47. Bd6 Kg4 48. b4 g5 49. hxg5 Kxg5 50. Ke4 Kg4 51. b5 f6 52. Bc7
Nc5+ 53. Kd4 Nd7 54. Ke3 f5 55. Kd4 Kf3 56. Bf4 Kg4 57. Bd6 Kf3 58. Bc7 Kg4 59.
Kc4 Kf3 60. Kd4 Kg4 61. Ke3 e5 62. Kf2 f4 63. gxf4 Kxf4 64. b6 Nxb6 65. Bxe5+
Kxe5 1/2-1/2

[Event "5th Floripa Open 2019"]
[Site "Florianopolis BRA"]
[Date "2019.01.24"]
[Round "5.5"]
[White "Jodorcovsky, P."]
[Black "Delgado Ramirez, N."]
[Result "0-1"]
[WhiteElo "2259"]
[BlackElo "2623"]
[PlyCount "108"]
[EventDate "2019.01.21"]
[EventType "swiss"]
[EventRounds "10"]
[EventCountry "BRA"]
[SourceTitle "The Week in Chess 1264"]
[Source "Mark Crowther"]
[SourceDate "2019.01.28"]
[SourceVersion "4"]
[SourceVersionDate "2019.03.11"]
[SourceQuality "2"]

1. Nf3 Nf6 2. d4 e6 3. e3 b6 4. Bd3 Bb7 5. O-O c5 6. c4 d6 7. Nc3 Nbd7 8. b3
Be7 9. Bb2 a6 10. Qe2 O-O 11. Rad1 Re8 12. Bb1 cxd4 13. exd4 Bf8 14. Rfe1 g6
15. Ne4 Nxe4 16. Bxe4 d5 17. Bd3 dxc4 18. bxc4 Bg7 19. Ne5 Qc7 20. f4 Nf6 21.
Qf2 Red8 22. Re2 b5 23. c5 Bd5 24. Ba1 b4 25. h3 a5 26. Rc1 a4 27. Qe1 Rdb8 28.
Rb1 b3 29. a3 Bb7 30. Bb2 Ba6 31. Bxa6 Rxa6 32. g3 Rd8 33. Kh2 Rd5 34. Rc1 h5
35. Qf1 Ra8 36. Rc4 Nd7 37. Rb4 Nb8 38. Rb6 Bxe5 39. Rxe5 Nd7 40. Rxd5 Nxb6 41.
Rg5 Nd5 42. f5 exf5 43. Qxf5 Rd8 44. Qf3 Qc6 45. Re5 f6 46. Re2 Kf7 47. h4 Re8
48. Re4 Re6 49. Re5 Rxe5 50. dxe5 Qxc5 51. exf6 Qc2+ 52. Kh3 Qf5+ 53. Kg2 Qxf3+
54. Kxf3 Nb6 0-1

[Event "5th Floripa Open 2019"]
[Site "Florianopolis BRA"]
[Date "2019.01.24"]
[Round "6.2"]
[White "Delgado Ramirez, N."]
[Black "Matsuura, E."]
[Result "1-0"]
[WhiteElo "2623"]
[BlackElo "2468"]
[PlyCount "125"]
[EventDate "2019.01.21"]
[EventType "swiss"]
[EventRounds "10"]
[EventCountry "BRA"]
[SourceTitle "The Week in Chess 1264"]
[Source "Mark Crowther"]
[SourceDate "2019.01.28"]
[SourceVersion "4"]
[SourceVersionDate "2019.03.11"]
[SourceQuality "2"]

1. e4 c5 2. g3 d5 3. exd5 Qxd5 4. Nf3 Bg4 5. Bg2 Qe6+ 6. Kf1 Nc6 7. h3 Bh5 8.
d3 Qd7 9. Na3 e5 10. Be3 Nf6 11. g4 Bg6 12. Nc4 Qc7 13. Bg5 O-O-O 14. Qe2 Re8
15. c3 Nd7 16. Nh4 f6 17. Nxg6 hxg6 18. Bd2 f5 19. Ne3 Nf6 20. gxf5 gxf5 21.
Nxf5 g6 22. Ng3 Kb8 23. a3 Bd6 24. Ne4 Ref8 25. b4 Ne7 26. Nxd6 Qxd6 27. bxc5
Qxc5 28. Rb1 Nc6 29. d4 exd4 30. cxd4 Qf5 31. Rb5 Qd7 32. Qc4 Rc8 33. Qa4 Rh5
34. Bf4+ Ka8 35. Be5 Rf5 36. Rc5 Nh5 37. Be4 Rff8 38. Bxc6 bxc6 39. Qc2 Rf5 40.
Qe4 Nf6 41. Qg2 g5 42. Kg1 Nd5 43. Kh2 Rcf8 44. Bg3 R5f6 45. Rhc1 Rh6 46. Kg1
Kb7 47. Be5 Rg6 48. Qe4 Rfg8 49. Rb1+ Nb6 50. d5 cxd5 51. Rxd5 Qc6 52. Rd7+ Ka8
53. Qxc6+ Rxc6 54. Rf7 Re6 55. Bd4 g4 56. h4 g3 57. f3 Rd6 58. Rg7 Rc8 59. Bxb6
axb6 60. Kg2 Rc3 61. a4 Rc4 62. Re1 Rd8 63. Rg4 1-0

[Event "5th Floripa Open 2019"]
[Site "Florianopolis BRA"]
[Date "2019.01.25"]
[Round "7.2"]
[White "Felgaer, R."]
[Black "Delgado Ramirez, N."]
[Result "1-0"]
[WhiteElo "2567"]
[BlackElo "2623"]
[PlyCount "71"]
[EventDate "2019.01.21"]
[EventType "swiss"]
[EventRounds "10"]
[EventCountry "BRA"]
[SourceTitle "The Week in Chess 1264"]
[Source "Mark Crowther"]
[SourceDate "2019.01.28"]
[SourceVersion "4"]
[SourceVersionDate "2019.03.11"]
[SourceQuality "2"]

1. e4 c5 2. Nc3 Nc6 3. Nge2 g6 4. d4 cxd4 5. Nxd4 Bg7 6. Be3 Nf6 7. Bc4 O-O 8.
Bb3 e6 9. O-O d5 10. exd5 exd5 11. h3 Be6 12. Re1 Qd7 13. Na4 b6 14. Nc3 Na5
15. Qe2 Rac8 16. Ba4 Qb7 17. Nxe6 fxe6 18. Bd4 Nc4 19. Qxe6+ Kh8 20. Rab1 Ne4
21. Qxd5 Qxd5 22. Bxg7+ Kxg7 23. Nxd5 Ned2 24. Re7+ Rf7 25. Rbe1 Nxb2 26. Rxf7+
Kxf7 27. Re7+ Kf8 28. Rxh7 Rc5 29. Nf4 Nxa4 30. Ne6+ Kg8 31. Rg7+ Kh8 32. Nxc5
bxc5 33. Rxa7 Nc3 34. a4 Ne2+ 35. Kh2 Ne4 36. Re7 1-0

[Event "5th Floripa Open 2019"]
[Site "Florianopolis BRA"]
[Date "2019.01.26"]
[Round "8.6"]
[White "Delgado Ramirez, N."]
[Black "Rodriques, E."]
[Result "1-0"]
[WhiteElo "2623"]
[BlackElo "2312"]
[PlyCount "59"]
[EventDate "2019.01.21"]
[EventType "swiss"]
[EventRounds "10"]
[EventCountry "BRA"]
[SourceTitle "The Week in Chess 1264"]
[Source "Mark Crowther"]
[SourceDate "2019.01.28"]
[SourceVersion "4"]
[SourceVersionDate "2019.03.11"]
[SourceQuality "2"]

1. e4 e6 2. d4 d5 3. Nc3 Nf6 4. e5 Nfd7 5. Nce2 c5 6. c3 Nc6 7. Nf3 b5 8. a3
Qb6 9. Nf4 a5 10. Be3 Ba6 11. Ng5 cxd4 12. cxd4 Be7 13. Ngxe6 fxe6 14. Nxe6 Bf8
15. Qg4 Ne7 16. Nxg7+ Bxg7 17. Qxg7 Rg8 18. Qxh7 b4 19. Bxa6 Qxa6 20. axb4 Qc4
21. e6 Nb6 22. bxa5 Nbc8 23. Rc1 Qb4+ 24. Bd2 Qxd4 25. h4 Rf8 26. Qh5+ Kd8 27.
Qe2 Qxb2 28. O-O Nd6 29. Rb1 Qa2 30. Qe5 1-0

[Event "5th Floripa Open 2019"]
[Site "Florianopolis BRA"]
[Date "2019.01.26"]
[Round "9.3"]
[White "Quintiliano Pinto, R."]
[Black "Delgado Ramirez, N."]
[Result "0-1"]
[WhiteElo "2441"]
[BlackElo "2623"]
[PlyCount "47"]
[EventDate "2019.01.21"]
[EventType "swiss"]
[EventRounds "10"]
[EventCountry "BRA"]
[SourceTitle "The Week in Chess 1264"]
[Source "Mark Crowther"]
[SourceDate "2019.01.28"]
[SourceVersion "4"]
[SourceVersionDate "2019.03.11"]
[SourceQuality "2"]

1. Nf3 Nf6 2. c4 b6 3. g3 Bb7 4. Bg2 g6 5. O-O Bg7 6. d3 c5 7. e4 Nc6 8. Nc3
O-O 9. h3 Ne8 10. Be3 Nd4 11. Qd2 Nc7 12. Nh4 e5 13. f4 exf4 14. Bxf4 d6 15.
Rf2 Nce6 16. Be3 Be5 17. Nf3 Bxg3 18. Rff1 Nxf3+ 19. Rxf3 Be5 20. Nd5 Nd4 21.
Rf2 Bxd5 22. cxd5 Qh4 23. Raf1 f5 24. Bf4 0-1

[Event "5th Floripa Open 2019"]
[Site "Florianopolis BRA"]
[Date "2019.01.27"]
[Round "10.1"]
[White "Granda Zuniga, J."]
[Black "Delgado Ramirez, N."]
[Result "1-0"]
[WhiteElo "2641"]
[BlackElo "2623"]
[PlyCount "85"]
[EventDate "2019.01.21"]
[EventType "swiss"]
[EventRounds "10"]
[EventCountry "BRA"]
[SourceTitle "The Week in Chess 1264"]
[Source "Mark Crowther"]
[SourceDate "2019.01.28"]
[SourceVersion "4"]
[SourceVersionDate "2019.03.11"]
[SourceQuality "2"]

1. Nf3 Nf6 2. c4 e6 3. g3 d5 4. Bg2 dxc4 5. Qa4+ Bd7 6. Qxc4 c5 7. Ne5 Qc8 8.
Nxd7 Qxd7 9. b3 Nc6 10. Bb2 Be7 11. d3 O-O 12. O-O Nd4 13. Re1 Rac8 14. Nd2 Nd5
15. a3 Rfd8 16. e3 Nc6 17. Red1 b6 18. Qc2 Bf6 19. Bxd5 Qxd5 20. Bxf6 gxf6 21.
Ne4 Kg7 22. f4 f5 23. Nc3 Nd4 24. exd4 cxd4 25. Nxd5 Rxc2 26. Nb4 Rc3 27. Rdc1
Rxb3 28. Nc6 Rc8 29. Nxd4 Rxc1+ 30. Rxc1 Rxd3 31. Nc6 Rxa3 32. Ne5 f6 33. Rc7+
Kh6 34. Nd7 e5 35. fxe5 fxe5 36. Nxe5 b5 37. Rb7 a6 38. Kg2 Ra2+ 39. Kh3 Ra4
40. Nd3 Ra3 41. Nf4 Ra4 42. Kh4 b4 43. h3 1-0

[Event "ch-Paranaense Rapid 2019"]
[Site "Curitiba BRA"]
[Date "2019.01.19"]
[Round "1.1"]
[White "Delgado Ramirez, N."]
[Black "Bernardes, Arthur Feliphe Stru"]
[Result "1-0"]
[WhiteElo "2623"]
[BlackElo "1828"]
[PlyCount "58"]
[EventDate "2019.01.19"]
[EventType "swiss (rapid)"]
[EventRounds "7"]
[EventCountry "BRA"]
[SourceTitle "The Week in Chess 1263"]
[Source "Mark Crowther"]
[SourceDate "2019.01.21"]
[SourceVersion "1"]
[SourceVersionDate "2019.01.21"]
[SourceQuality "2"]

1. e4 e6 2. d4 d5 3. Nd2 c5 4. exd5 exd5 5. Ngf3 Nf6 6. Bb5+ Nc6 7. O-O Be7 8.
dxc5 O-O 9. Nb3 Be6 10. c3 a6 11. Bd3 Qc7 12. Re1 Rac8 13. Nfd4 Nxd4 14. cxd4
Rfe8 15. g3 Bg4 16. f3 Bh5 17. Bf5 Rcd8 18. Bf4 Qc6 19. Qd3 Bg6 20. Na5 Bxf5
21. Nxc6 Bxd3 22. Nxe7+ Kf8 23. Bd6 Rd7 24. Nxd5+ Rxd6 25. Rxe8+ Kxe8 26. Nc7+
Kd7 27. cxd6 Kxd6 28. Rc1 Nd7 29. Ne8+ Kd5 1-0

[Event "ch-Paranaense Rapid 2019"]
[Site "Curitiba BRA"]
[Date "2019.01.19"]
[Round "2.1"]
[White "Da Silva Junior, Sediney Mari"]
[Black "Delgado Ramirez, N."]
[Result "0-1"]
[WhiteElo "2011"]
[BlackElo "2623"]
[PlyCount "42"]
[EventDate "2019.01.19"]
[EventType "swiss (rapid)"]
[EventRounds "7"]
[EventCountry "BRA"]
[SourceTitle "The Week in Chess 1263"]
[Source "Mark Crowther"]
[SourceDate "2019.01.21"]
[SourceVersion "1"]
[SourceVersionDate "2019.01.21"]
[SourceQuality "2"]

1. e4 c5 2. c3 Nf6 3. e5 Nd5 4. d4 cxd4 5. Nf3 d6 6. cxd4 Nc6 7. Bc4 dxe5 8.
dxe5 Be6 9. O-O g6 10. Ng5 Bg7 11. Nxe6 fxe6 12. f4 O-O 13. Qg4 Qb6+ 14. Kh1
Kh8 15. Qxe6 Ne3 16. Bxe3 Qxe3 17. Qg4 Nxe5 18. fxe5 Rxf1+ 19. Bxf1 Qc1 20. Qc4
Qxb2 21. Qc3 Bxe5 0-1

[Event "ch-Paranaense Rapid 2019"]
[Site "Curitiba BRA"]
[Date "2019.01.19"]
[Round "3.1"]
[White "Delgado Ramirez, N."]
[Black "Osipi, J."]
[Result "1-0"]
[WhiteElo "2623"]
[BlackElo "2126"]
[PlyCount "91"]
[EventDate "2019.01.19"]
[EventType "swiss (rapid)"]
[EventRounds "7"]
[EventCountry "BRA"]
[SourceTitle "The Week in Chess 1263"]
[Source "Mark Crowther"]
[SourceDate "2019.01.21"]
[SourceVersion "1"]
[SourceVersionDate "2019.01.21"]
[SourceQuality "2"]

1. e4 c5 2. Nf3 d6 3. d4 cxd4 4. Nxd4 Nf6 5. Nc3 a6 6. Nb3 e5 7. Bg5 Be6 8.
Bxf6 gxf6 9. Nd5 Nc6 10. Qf3 Bxd5 11. exd5 Na5 12. Nd2 b5 13. a4 b4 14. Ne4 Be7
15. Bd3 Nb7 16. O-O Nc5 17. Ng3 Qc7 18. Bf5 Qb7 19. b3 Rb8 20. Rad1 Kd8 21. Qh5
Rf8 22. f4 Kc7 23. Bxh7 Rbd8 24. Be4 Kb8 25. Kh1 Qc7 26. Qf3 Rh8 27. Nf5 Bf8
28. Rc1 Bh6 29. Nxh6 Rxh6 30. c3 Rdh8 31. h3 Qd7 32. f5 Rh4 33. Bc2 Rf4 34. Qg3
Rfh4 35. cxb4 Rxb4 36. Qg7 Qd8 37. Qxf7 Rbh4 38. b4 Rf8 39. Qg6 Rg8 40. bxc5
Rxg6 41. fxg6 dxc5 42. g7 Qxd5 43. Rcd1 Qg8 44. Rd7 Rf4 45. Rxf4 exf4 46. Be4
1-0

[Event "ch-Paranaense Rapid 2019"]
[Site "Curitiba BRA"]
[Date "2019.01.19"]
[Round "4.1"]
[White "Di Berardino, D."]
[Black "Delgado Ramirez, N."]
[Result "1/2-1/2"]
[WhiteElo "2513"]
[BlackElo "2623"]
[PlyCount "117"]
[EventDate "2019.01.19"]
[EventType "swiss (rapid)"]
[EventRounds "7"]
[EventCountry "BRA"]
[SourceTitle "The Week in Chess 1263"]
[Source "Mark Crowther"]
[SourceDate "2019.01.21"]
[SourceVersion "1"]
[SourceVersionDate "2019.01.21"]
[SourceQuality "2"]

1. e4 c5 2. Nf3 d6 3. d4 cxd4 4. Nxd4 Nf6 5. Nc3 a6 6. a3 Qc7 7. Be3 e5 8. Nf5
Be6 9. g4 Nbd7 10. f3 g6 11. Ng3 h6 12. Qd2 Rc8 13. O-O-O d5 14. exd5 Nxd5 15.
Nxd5 Bxd5 16. Ne4 Bxe4 17. fxe4 Bc5 18. Bd3 Bxe3 19. Qxe3 Nc5 20. Bc4 Ne6 21.
Bb3 Nf4 22. h4 O-O 23. g5 hxg5 24. hxg5 Kg7 25. Rh2 Rh8 26. Rdh1 Rh5 27. Rxh5
gxh5 28. Kb1 Rh8 29. Qf2 b5 30. Rh4 Rd8 31. Rh1 Rd4 32. Qf3 Qd6 33. Bd5 a5 34.
Qe3 b4 35. a4 Nxd5 36. exd5 Qxd5 37. Qe1 h4 38. b3 Qe4 39. Qf1 Qf4 40. Qa6 Qxg5
41. Qxa5 Re4 42. Qc5 h3 43. Rxh3 Re1+ 44. Ka2 Qg4 45. Rh2 Qg3 46. Rd2 e4 47.
Qd5 f6 48. Qb7+ Kg6 49. Rd7 Qc3 50. Rg7+ Kf5 51. Qd7+ Kf4 52. Qd6+ Kf5 53. Qd7+
Ke5 54. Qe7+ Kf4 55. Qd6+ Kf5 56. Qd7+ Ke5 57. Qe7+ Kf5 58. Qd7+ Ke5 59. Qe7+
1/2-1/2

[Event "ch-Paranaense Rapid 2019"]
[Site "Curitiba BRA"]
[Date "2019.01.19"]
[Round "5.2"]
[White "Delgado Ramirez, N."]
[Black "Fier, A."]
[Result "1-0"]
[WhiteElo "2623"]
[BlackElo "2540"]
[PlyCount "55"]
[EventDate "2019.01.19"]
[EventType "swiss (rapid)"]
[EventRounds "7"]
[EventCountry "BRA"]
[SourceTitle "The Week in Chess 1263"]
[Source "Mark Crowther"]
[SourceDate "2019.01.21"]
[SourceVersion "1"]
[SourceVersionDate "2019.01.21"]
[SourceQuality "2"]

1. e4 c5 2. Nf3 Nc6 3. Bb5 g6 4. O-O Bg7 5. Re1 Nf6 6. e5 Nd5 7. Nc3 Nc7 8.
Bxc6 dxc6 9. Ne4 b6 10. h3 O-O 11. d3 Bf5 12. Ng3 Be6 13. Bf4 c4 14. dxc4 Bxc4
15. Qc1 c5 16. Bh6 Ne6 17. Bxg7 Kxg7 18. Re4 Bd5 19. Rh4 h5 20. Rxh5 gxh5 21.
Nf5+ Kg8 22. Qh6 Be4 23. N3h4 Bxf5 24. Nxf5 Re8 25. Re1 h4 26. Re4 Qd1+ 27. Kh2
f6 28. Qg6+ 1-0

[Event "ch-Paranaense Rapid 2019"]
[Site "Curitiba BRA"]
[Date "2019.01.19"]
[Round "6.1"]
[White "Rodriguez Vila, A."]
[Black "Delgado Ramirez, N."]
[Result "1-0"]
[WhiteElo "2480"]
[BlackElo "2623"]
[PlyCount "83"]
[EventDate "2019.01.19"]
[EventType "swiss (rapid)"]
[EventRounds "7"]
[EventCountry "BRA"]
[SourceTitle "The Week in Chess 1263"]
[Source "Mark Crowther"]
[SourceDate "2019.01.21"]
[SourceVersion "1"]
[SourceVersionDate "2019.01.21"]
[SourceQuality "2"]

1. d4 Nf6 2. Nc3 d5 3. Bf4 c6 4. f3 e6 5. Qd2 Nbd7 6. g4 Be7 7. e3 O-O 8. O-O-O
b5 9. Kb1 Nb6 10. h4 b4 11. Nce2 Nc4 12. Qe1 a5 13. Nc1 a4 14. h5 Nd7 15. Nh3
Qb6 16. Rh2 c5 17. g5 Nxb2 18. Kxb2 b3 19. cxb3 axb3 20. axb3 c4 21. Kb1 Bb4
22. Qh4 Bc3 23. Bd3 Ra1+ 24. Kc2 Rxc1+ 25. Kxc1 Qxb3 26. Bxh7+ Kxh7 27. g6+ Kg8
28. Bd6 Qa4 29. Rg1 Qa1+ 30. Kc2 Qb2+ 31. Kd1 Qb1+ 32. Ke2 Qd3+ 33. Kf2 Qd2+
34. Kf1 Qxe3 35. Bxf8 Nxf8 36. gxf7+ Kxf7 37. Rxg7+ Kxg7 38. Qe7+ Kh8 39. Qxf8+
Kh7 40. Qe7+ Kh8 41. Qf6+ Kh7 42. Ng5+ 1-0

[Event "ch-Paranaense Blitz 2019"]
[Site "Curitiba BRA"]
[Date "2019.01.20"]
[Round "1.2"]
[White "Barreto, Marcelo Ferreira"]
[Black "Delgado Ramirez, N."]
[Result "1-0"]
[WhiteElo "1562"]
[BlackElo "2623"]
[PlyCount "51"]
[EventDate "2019.01.20"]
[EventType "swiss (blitz)"]
[EventRounds "11"]
[EventCountry "BRA"]
[SourceTitle "The Week in Chess 1263"]
[Source "Mark Crowther"]
[SourceDate "2019.01.21"]
[SourceVersion "1"]
[SourceVersionDate "2019.01.21"]
[SourceQuality "2"]

1. d4 Nf6 2. Bg5 e6 3. e4 Be7 4. e5 Nd5 5. Bxe7 Nxe7 6. Nf3 Nbc6 7. Bd3 a6 8.
O-O Ng6 9. c3 d6 10. exd6 cxd6 11. Nbd2 O-O 12. Ne4 d5 13. Ng3 Nf4 14. Bc2 Re8
15. Qd2 Ng6 16. Rfe1 Bd7 17. Re3 Nce7 18. Rae1 Qb6 19. h4 h6 20. h5 Nf8 21. Ne5
Qc7 22. Ne2 Rad8 23. Rg3 Kh8 24. Nxf7+ Kg8 25. Nxh6+ Kh8 26. Qg5 1-0

[Event "ch-Paranaense Blitz 2019"]
[Site "Curitiba BRA"]
[Date "2019.01.20"]
[Round "3.2"]
[White "Araujo, Ad"]
[Black "Delgado Ramirez, N."]
[Result "0-1"]
[WhiteElo "2213"]
[BlackElo "2623"]
[PlyCount "49"]
[EventDate "2019.01.20"]
[EventType "swiss (blitz)"]
[EventRounds "11"]
[EventCountry "BRA"]
[SourceTitle "The Week in Chess 1263"]
[Source "Mark Crowther"]
[SourceDate "2019.01.21"]
[SourceVersion "1"]
[SourceVersionDate "2019.01.21"]
[SourceQuality "2"]

1. d4 Nf6 2. Nf3 e6 3. Bg5 h6 4. Bh4 d6 5. Nbd2 g5 6. Bg3 Nh5 7. c3 Bg7 8. e3
a6 9. a4 b6 10. Bc4 Bb7 11. O-O Nd7 12. Ne1 Nxg3 13. fxg3 Qe7 14. Qe2 c5 15.
Qf2 O-O 16. Nc2 d5 17. Bd3 f5 18. c4 Nf6 19. Qe2 Ne4 20. Nf3 cxd4 21. Nfxd4 Qd7
22. cxd5 exd5 23. Nb4 Bxd4 24. exd4 a5 25. Nc2 0-1